Coyuntura de Panamá 1982: balance de la crisis /

Сохранить в:
Библиографические подробности
Корпоративные авторы: INIES, CRIES CEASPA. Colectivo de Coyuntura Diálogo Social
Формат: Текст
Опубликовано: Managua: CRIES
Метки: Добавить метку
Нет меток, Требуется 1-ая метка записи!

MARC

LEADER 00000 a a2200000 04500
001 20946
003
040
090 |a 089900  
110 |a INIES  
245 |a Coyuntura de Panamá 1982: balance de la crisis /  |c INIES  
260 |a Managua:   |b CRIES  
300 |a 6 p.  
710 |a CRIES   |a CEASPA. Colectivo de Coyuntura   |a Diálogo Social  
999 |c 1323  |d 1323